Normal view
MARC view
- Finite fields (Algebra)
Entry Topical Term
001 - CONTROL NUMBER
- control field: 102197
003 - CONTROL NUMBER IDENTIFIER
- control field: NUST
005 - DATE AND TIME OF LATEST TRANSACTION
- control field: 20221101121700.0
008 - FIXED-LENGTH DATA ELEMENTS
- fixed length control field: 221101|| aca||aabn | a|a d
040 ## - CATALOGING SOURCE
- Original cataloging agency: NUST
- Transcribing agency: NUST
150 ## - HEADING--TOPICAL TERM
- Topical term or geographic name entry element: Finite fields (Algebra)
670 ## - SOURCE DATA FOUND
- Source citation: Work cat.: (NUST)189094: Lidl, Rudolf. 102196, Introduction to finite fields and their applications / , 1994.
